[Event "Alberta op"]
[Site "Edmonton"]
[Date "2017.10.07"]
[Round "1"]
[White "Timmerman, Brian"]
[Black "Mo, Michelle"]
[Result "1-0"]
[WhiteElo "1692"]
[BlackElo "1641"]
[PlyCount "95"]
[EventDate "2017.10.07"]
[EventType "swiss"]
[EventRounds "6"]
[EventCountry "CAN"]
[SourceTitle "EXT 2019"]
[Source "ChessBase"]
[SourceDate "2018.10.10"]
[SourceVersion "1"]
[SourceVersionDate "2018.10.10"]
[SourceQuality "1"]

1. e4 c5 2. Nf3 d6 3. d4 cxd4 4. Nxd4 Nf6 5. Nc3 a6 6. h3 e6 7. g4 b5 8. g5 Nfd7 9. Be3 Bb7 10. Bg2 Nb6 11. Qe2 N8d7 12. 0-0-0 Rc8 13. f4 Be7 14. h4 Nc5 15. a3 Nc4 16. h5 Qa5 17. g6 Nxa3 18. gxf7+ Kf8 19. h6 g6 20. f5 Nc4 21. Kb1 Qb4 22. Bc1 Na3+ 23. Ka1 Na4 24. fxg6 hxg6 25. Rhf1 Bg5 26. Nxe6+ Ke7 27. Bxg5+ Kd7 28. f8N+ Rhxf8 29. Nxf8+ Rxf8 30. Rxd6+ Kxd6 31. Qd3+ Kc7 32. Bc1 Rxf1 33. Bxf1 Nxc3 34. Qxc3+ Qxc3 35. bxc3 Nxc2+ 36. Kb2 a5 37. h7 a4 38. Kxc2 Bxe4+ 39. Bd3 a3 40. Bxa3 Bc6 41. h8Q g5 42. Qg7+ Kb6 43. Qxg5 Kc7 44. Qe7+ Kc8 45. Bd6 Bd7 46. Bxb5 Bf5+ 47. Kb2 Bc2 48. Qc7# 1-0

[Event "Edmonton op qual 11th"]
[Site "Edmonton"]
[Date "2016.05.01"]
[Round "5"]
[White "Yao, David"]
[Black "Mo, Michelle"]
[Result "1-0"]
[WhiteElo "1625"]
[BlackElo "1707"]
[PlyCount "65"]
[EventDate "2016.04.30"]
[EventType "swiss"]
[EventRounds "5"]
[EventCountry "CAN"]
[SourceTitle "EXT 2017"]
[Source "ChessBase"]
[SourceDate "2016.10.25"]
[SourceVersion "1"]
[SourceVersionDate "2016.10.25"]
[SourceQuality "1"]

1. d4 Nf6 2. c4 e6 3. Nc3 Bb4 4. Nf3 Nc6 5. a3 Bxc3+ 6. bxc3 d5 7. cxd5 Nxd5 8. c4 Nf6 9. e3 0-0 10. Bd3 b6 11. 0-0 Bb7 12. Bb2 Re8 13. e4 Nd7 14. d5 exd5 15. exd5 Ne7 16. Bc2 Nc5 17. Qd4 f6 18. Qh4 Ng6 19. Qh5 Re2 20. Ng5 fxg5 21. Qxe2 Nf4 22. Qe5 Nh5 23. Qf5 g6 24. Qe5 Nd7 25. Qh8+ Kf7 26. Qxh7+ Kf8 27. Bxg6 Ne5 28. Bxe5 Bxd5 29. cxd5 Qxd5 30. Rad1 Qe6 31. Bxh5 Qg8 32. Qf5+ Ke7 33. Rd7# 1-0

[Event "Edmonton op qual 11th"]
[Site "Edmonton"]
[Date "2016.04.30"]
[Round "1"]
[White "Mo, Michelle"]
[Black "Bhavik, Dave"]
[Result "1/2-1/2"]
[WhiteElo "1707"]
[BlackElo "1645"]
[PlyCount "34"]
[EventDate "2016.04.30"]
[EventType "swiss"]
[EventRounds "5"]
[EventCountry "CAN"]
[SourceTitle "EXT 2017"]
[Source "ChessBase"]
[SourceDate "2016.10.25"]
[SourceVersion "1"]
[SourceVersionDate "2016.10.25"]
[SourceQuality "1"]

1. e4 e6 2. d4 d5 3. Nc3 Nf6 4. e5 Nfd7 5. Nf3 c5 6. Bb5 b6 7. Be3 Ba6 8. Bg5 Be7 9. Bxe7 Qxe7 10. Qe2 cxd4 11. Nxd4 Qc5 12. Nb3 Bxb5 13. Nxb5 Qc6 14. N3d4 Qc5 15. Nb3 Qc6 16. N3d4 Qc5 17. Nb3 Qc6 1/2-1/2

[Event "Alberta op"]
[Site "Edmonton"]
[Date "2015.10.10"]
[Round "1"]
[White "Mo, Michelle"]
[Black "Villavieja, Butch"]
[Result "0-1"]
[WhiteElo "1812"]
[BlackElo "2155"]
[PlyCount "76"]
[EventDate "2015.10.10"]
[EventType "swiss"]
[EventRounds "6"]
[EventCountry "CAN"]
[SourceTitle "EXT 2017"]
[Source "ChessBase"]
[SourceDate "2016.10.25"]
[SourceVersion "1"]
[SourceVersionDate "2016.10.25"]
[SourceQuality "1"]

1. e4 c5 2. Nf3 g6 3. d4 cxd4 4. Nxd4 Bg7 5. c3 Nc6 6. Be3 Nf6 7. Bd3 d6 8. Nd2 Ng4 9. Nxc6 bxc6 10. Qe2 Nxe3 11. Qxe3 Rb8 12. Nb3 a5 13. Qd2 c5 14. Qc2 0-0 15. 0-0 Qb6 16. Rab1 Be6 17. Nd2 Bxa2 18. Ra1 Be6 19. Rab1 Rfc8 20. Nc4 Qa6 21. Ne3 Qc6 22. Nd5 Bxd5 23. exd5 Qxd5 24. c4 Qg5 25. b3 Rc7 26. Qe2 Bd4 27. Kh1 Rcb7 28. Bc2 e5 29. Qe4 Kg7 30. f4 exf4 31. Rxf4 a4 32. Rg4 Qe5 33. bxa4 Qxe4 34. h3 Rxb1+ 35. Bxb1 Qe1+ 36. Kh2 Bg1+ 37. Kh1 Bf2+ 38. Kh2 Qg1# 0-1